00752cam a2200169 a 450000100100000000500170001000800410002704000230006808200190009110000410011024500400015126000610019130000210025250502570027365000250053065000270055500000746120200929154158.0770823s1976 ec 001 0 spa  aDO-SdBNPcDLCdDLC aE864.44bS487e1 aSerrano Aguirre, Ángel,d1934-197410aEnsayos /cÁngel Serrano Aguirre. aQuito, Ecuador :bCasa de la Cultura Ecuatoriana,c1976. a196 p. ;c19 cm.0 aAnte lo sencillo -- El viajero -- Ante los problemas sociales -- Ante los problemas eternos -- Facetas del alma del español -- El sentido de la muerte en la poesía de Federico García Lorca -- Apreciaciones y sentimientos sobre el país del arte. 4aEnsayos ecuatorianos 4aLiteratura ecuatoriana